书目信息 |
| 题名: |
科研论文配图设计与制作从入门到精通
|
|
| 作者: | ;中科幻彩 编著 | |
| 分册: | ||
| 出版信息: | 北京 人民邮电出版社 2017.12 |
|
| 页数: | 310页 | |
| 开本: | 26cm | |
| 丛书名: | ||
| 单 册: | ||
| 中图分类: | TB232 | |
| 科图分类: | ||
| 主题词: | 科学技术--论文--绘图技术 | |
| 电子资源: | ||
| ISBN: | 978-7-115-46620-4 | |
| 000 | 01084nam0 2200229 450 | |
| 001 | 204 | |
| 005 | 20180921135937.96 | |
| 010 | @a978-7-115-46620-4@dCNY98.00 | |
| 100 | @a20180217d2017 em y0chiy50 ea | |
| 101 | 0 | @achi |
| 102 | @aCN@b110000 | |
| 105 | @aa z 000yy | |
| 200 | 1 | @a科研论文配图设计与制作从入门到精通@9ke yan lun wen pei tu she ji yu zhi zuo cong ru men dao jing tong@f中科幻彩编著 |
| 210 | @a北京@c人民邮电出版社@d2017.12 | |
| 215 | @a310页@d26cm@e1光盘 | |
| 307 | @a附光盘:ISBN 978-7-89385-263-3 | |
| 330 | @a本书共分6章,第1章主要介绍了科学可视化的定义、科研论文设计的思路及图像要求;第2章讲解了Origin实验数据、电镜图的图像数据、论文的排版技巧等内容;第3章介绍了生命科学与医学类、化学化工类、材料类、物理类、航空航天类等文章中的插图设计流程;第4章讲解了科研论文TOC内容图和Scheme流程图的设计要求和应用举例;第5章介绍了各类科研论文的封面设计方案;第6章总结了科学可视化的发展大趋势。 | |
| 606 | 0 | @a科学技术@x论文@x绘图技术 |
| 690 | @aTB232@v5 | |
| 711 | 02 | @a中科幻彩@9zhong ke huan cai@4编著 |
| 801 | 0 | @aCN@b91MARC@c20180217 |
| 905 | @aMuseLib@dTB232@e190 | |
| 科研论文配图设计与制作从入门到精通/中科幻彩编著.-北京:人民邮电出版社,2017.12 |
| 310页;26cm+1光盘 |
| ISBN 978-7-115-46620-4:CNY98.00 |
| 本书共分6章,第1章主要介绍了科学可视化的定义、科研论文设计的思路及图像要求;第2章讲解了Origin实验数据、电镜图的图像数据、论文的排版技巧等内容;第3章介绍了生命科学与医学类、化学化工类、材料类、物理类、航空航天类等文章中的插图设计流程;第4章讲解了科研论文TOC内容图和Scheme流程图的设计要求和应用举例;第5章介绍了各类科研论文的封面设计方案;第6章总结了科学可视化的发展大趋势。 |
| ● |
| 相关链接 |
|
|
|
|
正题名:科研论文配图设计与制作从入门到精通
索取号:TB232/190
 
预约/预借
| 序号 | 登录号 | 条形码 | 馆藏地/架位号 | 状态 | 备注 |
| 1 | 1118754 | 211187543 | 第二样本阅览室/ [索取号:TB232/190] | 在馆 | |
| 2 | 1118755 | 211187552 | 第三借阅区/ [索取号:TB232/190] | 在馆 | |
| 3 | 1118756 | 211187561 | 第三借阅区/ [索取号:TB232/190] | 在馆 | |
| 4 | 1118757 | 211187570 | 第三借阅区/ [索取号:TB232/190] | 在馆 | |
| 5 | 1118758 | 211187589 | 密集书库-物理学院/ [索取号:TB232/190] | 在馆 |